| 000 | 00620nam a2200181 a 4500 | ||
|---|---|---|---|
| 001 | 000027370 | ||
| 005 | 20200930030802.0 | ||
| 008 | 110331s1955 dr 000 0 spa d | ||
| 040 |
_aDO-SdBNP _bspa _cBNPHU |
||
| 082 |
_axxxx _bP448c |
||
| 245 | 1 | 3 |
_aLa cuestión de Santo Domingo / _cDexter Perkins ; traducción George A. Lockward. |
| 260 |
_aCiudad Trujillo, República Dominicana : _bMontalvo, _c1955. |
||
| 300 |
_avii, 434 p. ; _c22 cm. |
||
| 504 | _aIncluye referencias bibliográficas y notas al pie de las páginas | ||
| 700 | 1 |
_aLockward, George A., _etr. _946479 |
|
| 049 | _aBNPD | ||
| 101 | _aPerkins, Dexter | ||
| 999 |
_c26862 _d26862 |
||